| 000 | 00688nam a22002177a 4500 | ||
|---|---|---|---|
| 999 |
_c10993 _d10993 |
||
| 003 | AR-CdUCM | ||
| 008 | 190402b ||||| |||| 00| 0 spa d | ||
| 040 |
_aMUNICIPALIDAD PROVINCIAL DEL CUSCO _cBIBLIOTECA MUNICIPAL DEL CUSCO |
||
| 082 |
_a869.56 / _bL26H / 1930 |
||
| 100 |
_aEguren Larrea, D. F. _928095 |
||
| 245 |
_aEl hombre que se casó por dinero : _balmas del día al desnudo / |
||
| 260 |
_aLima : _c1930. |
||
| 300 |
_aVII, 210 páginas ; _c21 cm. |
||
| 500 | _aEl libro solo cuenta con portada. | ||
| 505 | _aContenido: Cuentos. | ||
| 650 |
_aLiteratura Peruana _9132 |
||
| 650 |
_aSiglo XX _98 |
||
| 650 |
_aCuentos peruanos _97 |
||
| 942 |
_2ddc _cLIBROS |
||
| 945 | _aachl | ||